Gminy Znajdujące się w Małopolsce - Statystyki

Ogólne statystyki
  • Ten quiz został rozwiązany 8 razy
  • Średni wynik to 11 z 22
Answers on the Grid
Answers color-coded by a green-red scale on the quiz's grid according to % correct below.
Wieluń
Raciechowice
Libiąż
Kalwaria Zebrzydowska
Głowno
Krzeszowice
Kazimierz Dolny
Kraków
Nowy Sącz
Stary Sącz
Skoki
Ujazd
Bielsko Biała
Zakopane
Jordanów
Jodłownik
Skaryszew
Tarnów
Niepołomice
Wadowice Górne
Orneta
Trzciana
Rabka Zdrój
Wojnicz
Szczucin
Koszyce
Osięciny
Charsznica
Chełmek
Biecz
Wisła
Gnojnik
Jasło
Warszawa
Trzyciąż
Pilica
 
Statystyki odpowiedzi
Odpowiedź % Poprawnych
Nowy Sącz
100%
Kalwaria Zebrzydowska
75%
Koszyce
75%
Kraków
75%
Libiąż
75%
Stary Sącz
75%
Tarnów
75%
Wojnicz
75%
Chełmek
50%
Jordanów
50%
Krzeszowice
50%
Raciechowice
50%
Zakopane
50%
Biecz
25%
Charsznica
25%
Gnojnik
25%
Jodłownik
25%
Niepołomice
25%
Rabka Zdrój
25%
Trzciana
25%
Trzyciąż
25%
Szczucin
0%
Nie znaleziono quizów pasujących do podanych kryteriów
Rozkład punktacji
Procent ludzi z każdym wynikiem
Percentyl według liczby udzielonych odpowiedzi
Twoja historia wyników
Nie rozwiązałeś tego quizu